00363nam a2200157Ia 4500008004100000020001800041245002700059245002200086260001500108260001600123260000900139300001400148300002500162300001000187500000800197170705s9999 xx 000 0 und d a9780545390712 4aThe junkyard wonders / cPatricia Polacco. aNew York : bScholastic, c2010 aunpaged : bcolor illustration ; c28cm. a660